000
00333 a2200157 4500
001
75015
020
_a
9788537716335
040
_c
Anchieta - Colégio São Paulo
100
_a
Viégas, Aline
240
1
0
_a
Ciências
_l
por
245
1
0
_a
Ciências
300
_a
199
362
0
_a
2011
650
4
_a
Ciências da terra
942
_c
BK
999
_c
75015
_d
75015